Bilecik Bilecik Bilecik Bilecik Bilecik

Yalnızız/ (Record no. 20820)

MARC details
000 -BAŞLIK
Sabit Uzunluktaki Kontrol Alanı 01581nam a22004097a 4500
001 - KONTROL NUMARASI
Control Dosyası 0020864
003 - KONTROL NUMARASI KİMLİĞİ
Kontrol Alanı KOHA_MİRAKIL
005 - EN SON İŞLEM TARİHİ ve ZAMANI
Kontrol Alanı 20260207002305.0
007 - FİZİKSEL TANIM SABİT ALAN - GENEL BİLGİ
Sabit uzunluklu kontrol alanı ta
008 - SABİT UZUNLUKTAKİ VERİ ÖGELERİ - GENEL BİLGİ
Sabit Alan 100812b1999 tu |||gr||||#0|||1|tur |
020 ## - ISBN - ULUSLARARASI STANDART KİTAP NUMARASI
Isbn 9754370575
020 ## - ISBN - ULUSLARARASI STANDART KİTAP NUMARASI
Isbn 9789754370577
040 ## - KATALOGLAMA KAYNAĞI
Özgün Kataloglama Kurumu TR-BiSEU
Kataloglama Dili tur
Çeviri Kurumu TR-BiSEU
Açıklama Kuralları rda
041 0# - DİL KODU
Metin ya da ses kaydının dil kodu tur
044 ## - YAYINLAYAN/ÜRETEN KURULUŞUN ÜLKE KODU
ISO country code tu
050 ## - SINIFLAMA ve YER NUMARASI
Sınıflama Numarası PL248.S24
Yer Numarası Y35 1999
100 1# - KİŞİ ADI
Yazar Adı (Kişi adı) Safa, Peyami.
245 1# - ESER ADI BİLDİRİMİ
Başlık Yalnızız/
Sorumluluk Bildirimi Peyami Safa ; Peyami Safa.
250 ## - BASIM BİLDİRİMİ
Basım Bildirimi 14. basım.
264 #1 - ÜRERİM, YAYIN, DAĞITIM ve TELİF BİLDİRİMİ
Yayın yeri İstanbul :
Yayınlayan Ötüken
Yayın tarihi 1999
300 ## - FİZİKSEL TANIMLAMA
Sayfa, Cilt vb. 365 sayfa ;
Boyutları 20 cm.
336 ## - İÇERİK TÜRÜ
Content type term metin
Content type code txt
Source rdacontent
337 ## - MEDYA TÜRÜ
Media type term aracısız
Media type code n
Source rdamedia
338 ## - TAŞIYICI TÜRÜ
Carrier type term cilt
Carrier type code nc
Source rdacarrier
490 1# - DİZİ BİLDİRİMİ
Dizi Bildirimi Ötüken yayınları ;
Cilt Numarası nu.
490 1# - DİZİ BİLDİRİMİ
Dizi Bildirimi 76.
490 1# - DİZİ BİLDİRİMİ
Dizi Bildirimi Edebî eserler ;
Cilt Numarası 36.
500 ## - GENEL NOT
Genel Not Peyami Safa bütün romanları.
505 ## - İÇİNDEKİLER NOTU
İçindekiler Notu Peyami'nin kendisine has bir roman tekniği kullanarak cemiyet hakkındaki orijinal tasavvurlarını bir ütopya yazarı vasıtasıyla aksettirdiği romanıdır. Geride kalan yarım asırda kendisine en çok atıf yapılan edebî ütopya haline gelen "Simeranya" bu eserde ortaya konmuştur. Bir evin içerisinde yaşayan fakat yaşayışları arasında alaka kurulamayan fertler üzerinden toplumun bölünmüşlüğünün resmi... Ruhunu arayan bir duyarlılığın hikâyesi..
650 #0 - KONU BAŞLIĞI EK GİRİŞ - KONU TERİMİ
Konusal terim veya coğrafi ad Türk romanı.
9 (RLIN) 5504
650 #0 - KONU BAŞLIĞI EK GİRİŞ - KONU TERİMİ
Konusal terim veya coğrafi ad Turkish fiction.
9 (RLIN) 6661
830 1# - SERİ EK GİRİŞİ - TEKBİÇİM ESER ADI
Tekbiçim Başlık Ötüken yayınları ;
Volume number/sequential designation nu.
9 (RLIN) 6723
830 1# - SERİ EK GİRİŞİ - TEKBİÇİM ESER ADI
Tekbiçim Başlık 76.
9 (RLIN) 6534
830 1# - SERİ EK GİRİŞİ - TEKBİÇİM ESER ADI
Tekbiçim Başlık Edebî eserler ;
Volume number/sequential designation 36.
9 (RLIN) 24040
907 ## - LOCAL DATA ELEMENT G, LDG (RLIN)
a Roman
942 ## - EK GİRİŞ ÖGELERİ (KOHA)
Source of classification or shelving scheme Library of Congress Classification
Koha item type Book
Holdings
Materyal Türü Kalıcı Konum Mevcut Konum Sınıflandırma Kaynağı Edinim Bilgisi Ana Konular Alt Konular Yer Numarası Demirbaş Numarası Fatura Tarihi Maliyet, Alış Fiyatı Maliyet, Yenileme Fiyatı Geri Çekilme Durumu Kayıp Durumu Hasarlı Durumu Kredi için değil Kayıt Tarih Toplam Ödünçverme Son Görülme Tarihi Son Kontrol Tarihi Genel / Bağış Notu
Book BŞEÜ Pazaryeri MYO Kütüphanesi BŞEÜ Pazaryeri MYO Kütüphanesi Library of Congress Classification Bağış DİL VE EDEBİYAT Doğu Asya, Afrika, Okyanusya Dilleri ve Edebiyatları PL248.S24 Y35 1999 0020864 02/02/2026 4.00 4.00         12/08/2010 1 05/12/2024 05/12/2024 Genel Bağış